01013nam a2200277 a 450000500170000000800410001701000140005802000260007202000230009803500130012103700150013404000180014908200120016710000250017924501140020426000500031827000450036830000300041350000500044365000130049365000210050665000210052794200260054899900170057495201440059120090725120519.0080425s2008 nyua b 001 0 eng  aENG-94555 a9780070140646c350.00 a0070140642c350.00 aEN-78088 bDBAD / PUB adplbEnglish  a381.101 aEl-Erian, Mohamed A. aWhen markets collide :binvestment strategies for the age of global economic change /cby Mohamed A. El-Erian aNew Delhi bTata McGraw-Hill Publishingc2008 a7 West Patel Nagar, bNew Delhi e110008 axiii, 344 p. c24cm(pbk)  aIncludes bibliographical references and index aMarkets. aBusiness cycles. aRisk management. 2ddccENh381.101mELE c28658d28658 00102ddc40718NFICaDBADbDBADd2009-07-25eDBAD / PUBg350.00l0o381.101 ELEpEN-78088r2009-07-25 00:00:00t1v350.00w2009-07-25yEN